000 00679nam a2200265Ia 4500
003 OSt
005 20221007080133.0
006 a|||||r|||| 00| 0
007 ta
008 221006b |||||||| |||| 00| 0 eng d
020 _cRs. 400/-
024 _a9,043
037 _cTextual
040 _aFLL
_cFLL
_beng
041 _2eng
_aeng
082 _aX72:Z2q, P4
100 _aSinghania
_9694666
245 0 _aDirect tack
250 _a33rd
260 _aNew Delhi
_bTaxmann Publication P. Ltd. India
_c2005
300 _a1414p
_ccm.
700 _a Singhania
_9694667
942 _hX72:Z2q, P4
_cTEXL
_2CC
999 _c1158460
_d1158460